000 01227nam a2200313 i 4500
003 EG-GICUC
005 20260314154642.0
008 251116b1971 ua ||||f |||| 00| 0 ara d
040 _a EG-GICUC
_c EG-GICUC
_d EG-GICUC
_erda
_bara
041 _aara
082 0 4 _221
_a345.5047
_bف ؤ . ت
092 0 4 _221
099 _aLaw1 07 345.5047 1971 ف ؤ . ت
100 0 _aفؤاد يونس
_eمؤلف.
245 1 0 _aتطور نظام الموازنة السوفيتية /
_cإعداد فؤاد يونس.
264 1 _aالقاهرة :
_bجامعة الدول العربية-المنظمة العربية للعلوم الإدارية، مركز البحوث الإدارية،
_c1971.
300 _a55 صفحة :
_c24 سم.
_bإيضاحيات ؛
336 _2rda content
_atext
337 _2rda media
_aComputer
338 _2rda carrier
_aOnline Resource
490 _v85
546 _aالنص باللغة العربية
650 1 _aالقانون الإداري
_2qrmak
650 1 _aالميزانية
_2qrmak
_xإدارة مالية
651 1 _a الاتحاد السوفيتي
856 4 0 _uhttps://fll.law.cu.edu.eg/fulltext/bks/B07-00076.pdf
905 _aWesam Mahmoud
_eYara
942 _2ddc
_n0
_cBK
_e21
999 _c43379
_d43379